| 000 | 00755nam a2200193 a 4500 | ||
|---|---|---|---|
| 008 | 060424s1993 ||||||||||||||||| || u | ||
| 020 | _a0879302887 | ||
| 050 | _aTS 875 Mal | ||
| 100 | _aMaloney, Thomas M | ||
| 245 | 1 | 0 | _aModern particleboard & dry-process fiberboard manufacturing |
| 260 |
_aSan Francisco _bMiller Freeman _c1993 |
||
| 300 | _a681 p. : ill. | ||
| 350 | _a0.00 | ||
| 650 | _aMANUFACTURING | ||
| 650 | _aFIBERBOARD | ||
| 650 | _aPARTICLE BOARD | ||
| 995 |
_aSHORT LOAN BOOKS _D0.00 _e728603 _FCBU-MAIN LIBRARY (Kitwe) _H1 _I0.00 _jTS 875 Mal _M2 _UAVAILABLE _y019134 _ZShort Loan Collection |
||
| 995 |
_aSHORT LOAN BOOKS _D0.00 _e728604 _FCBU-MAIN LIBRARY (Kitwe) _H2 _I0.00 _jTS 875 Mal _M1 _UAVAILABLE _VMar 11, 2013 _y019132 _ZShort Loan Collection |
||
| 999 |
_c77600 _d77600 |
||